Geography Quiz

Random Geography or Color Quiz

A Bird on the Flag Quiz Stats

 Plays Quiz Updated Mar 15, 2019

Score 0/16 Timer 04:00
6 Plays Today
Question Answer Wrong Answers
On which national flag does this bird appear? Albania
84.9%
Morocco
2.9%
Vietnam
1.4%
Kyrgyzstan
4.3%
On which national flag does this bird appear? Kazakhstan
78.1%
Palau
7.9%
Ukraine
5.1%
Somalia
2.4%
On which national flag does this bird appear? Mexico
73.5%
Peru
7.2%
Nicaragua
7%
Paraguay
5.7%
On which national flag does this bird appear? Montenegro
68.5%
Albania
12.4%
Tunisia
3.1%
North Macedonia
9.5%
On which national flag does this bird appear? Egypt
68.1%
Yemen
8.2%
Syria
8.6%
Iraq
8.3%
On which national flag does this bird appear? Uganda
66.6%
Kenya
8%
Burundi
7.9%
Equatorial Guinea
10.6%
On which national flag does this bird appear? Papua New Guinea
66.5%
Kiribati
8.9%
Vanuatu
10.1%
Brunei
7.7%
On which national flag does this bird appear? Serbia
60.9%
Croatia
9.9%
Slovenia
9.9%
Slovakia
12.6%
On which national flag does this bird appear? Zambia
60%
Namibia
11.7%
Gambia
11.1%
Libya
10.2%
On which national flag does this bird appear? Kiribati
56.3%
Marshall Islands
15.4%
Papua New Guinea
9.8%
Mauritius
11.7%
On which national flag does this bird appear? Zimbabwe
55.1%
Lesotho
21.1%
Mongolia
11.9%
Bahamas
5%
On which national flag does this bird appear? Ecuador
54.7%
Armenia
6.1%
Colombia
14%
Venezuela
18.3%
On which national flag does this bird appear? Dominica
52.9%
Belize
19.3%
Barbados
10.9%
Suriname
10%
On which national flag does this bird appear? Moldova
46%
Spain
11.8%
Andorra
25.6%
Ecuador
9.8%
On which national flag does this bird appear? Guatemala
39%
Haiti
12.6%
Solomon Islands
25.4%
Comoros
16.2%
On which national flag does this bird appear? Fiji
21.6%
Cyprus
44.6%
Tuvalu
9.5%
St. Lucia
17.4%

You're not logged in!

Compare scores with friends on all Sporcle quizzes.
OR
Log In

Sporcle TV

Today on Sporcle TV


Watch our educational content, quiz creation guides, and fun videos on Sporcle TV.

Show Comments

Extras

Top Quizzes Today


Score Distribution

Your Account Isn't Verified!

In order to create a playlist on Sporcle, you need to verify the email address you used during registration. Go to your Sporcle Settings to finish the process.

Report this User

Report this user for behavior that violates our Community Guidelines.

Details: